000 00640nam a22002177a 4500
003 UA-OsUOA
001 67064
007 ta
008 20100209b un ||||| |||| 00| 0 ukr d
100 _aХархун В.
090 _a82
_bХ22
942 _cSA
040 _aUA-OsUOA
_bukr
_cUA-OsUOA
_dUA-OsUOA
245 _aТоталітарне-радянське-соцреалістичне в дискурсивних практиках гуманітаристики
300 _aС.27-47
955 _a0
041 _aukr
080 _a82
773 0 _w67061
650 7 _a82 Література. Літературознавство
_2UDC
999 _c353052
_d353052